| 000 | 02590cam a2200349 ia4500 | ||
|---|---|---|---|
| 003 | SA-RiAUC | ||
| 005 | 20240928140243.0 | ||
| 008 | 240927s2009 mr a g f00010 ara c | ||
| 020 | _a978995405166X | ||
| 024 | 0 | _a00000000607039 | |
| 040 |
_aSA-MaUQU _bara _cSA-RiAUC _dAE-DuMBRL _erda |
||
| 043 | _af-mr--- | ||
| 050 | 4 | _bT39 2009 | |
| 082 | 0 | 4 |
_a327.64 _qSA-RiAUC |
| 090 |
_a327.64 _bت ا ز |
||
| 100 | 1 |
_aالتازي، عبد الهادي، _d1921-2015 _eمؤلف. |
|
| 245 | 1 | 0 |
_aملاحق التاريخ الدبلوماسي للمغرب / _cتأليف د. عبد الهادي التازي. |
| 246 | 3 | 0 | _aالتاريخ الدبلوماسي للمغرب |
| 250 | _aالطبعة الأولى. | ||
| 264 | 1 |
_aالمملكة المغربية : _bوزارة الأوقاف والشؤون الإسلامية، _c2009. |
|
| 264 | 3 |
_aالرباط : _bإدكل للطباعة والنشر |
|
| 300 |
_a2 مجلد (308 ؛ 638 صفحة) : _bإيضاحيات ؛ _c27 × 21 سم |
||
| 336 |
_aنص _btxt _2rdacontent _3كتاب |
||
| 337 |
_aبدون وسيط _bn _2rdamedia |
||
| 338 |
_aمجلد _bnc _2rdacarrier |
||
| 520 | _aيتكون كتاب ملاحق التاريخ الدبلوماسي للمغرب للأستاذ عبد الهادي التازي الذي قدم لجلالة الملك محمد السادس بمراكش يوم 19 رمضان 1430 هجري، من مجلدين تكتمل بهما أجزاء مؤلف التاريخ الديبلوماسي للمغرب. ويشكل هذان المجلدان ملاحق الوثائق الدولية التي تربط بلاد المغرب في معناه الجغرافي الواسع بالعالم الذي يقع على حوض البحر الأبيض المتوسط والمحيط الأطلسي، واستدرك المؤلف في هذه الملاحق ما فاته في الأجزاء العشرة من كتاب «التاريخ الدبلوماسي للمغرب» من فوائد وتصحيحات، وأضاف إليها نصوص اتفاقيات ومعاهدات، ومناظرات ومحاورات وصورا ووثائق ومعلومات تاريخية متنوعة. كما ذيله بالتوضيح والتصويب والتعليق على الكثير مما جاء في المجلدات العشرة. | ||
| 590 | _aيتوافر بالمكتبة : مجلد 1، 2. | ||
| 650 | 7 |
_aالسلك الدبلوماسي والقنصلي المغربي _2aucsh |
|
| 651 | 7 |
_aالمغرب _xعلاقات خارجية _xتاريخ _2aucsh |
|
| 942 |
_2ddc _cBOOK _n0 |
||
| 949 |
_aSA-JeALM _d240927 _umohamedma123 _n1 |
||
| 999 |
_c643 _d643 |
||